000 00946nam a2200289 a 4500
001 9484
003 BD-RjUL
005 20211208234803.0
008 140121s1965 njua b 000 0 eng
035 _a(BD-RjUL) 9529
035 _a(OCoLC)1239932
040 _aDLC
_cOTU
_dOCoLC
_dDLC
_dBD-RjUL
_beng
041 _aeng
082 _222
_a559.72
_bLEC 1965
111 2 _aBrandeis University Summer Institute in Theoretical Physics
_d(1964)
_9218916
245 1 0 _aLectures on particles and field theory /
_c[by] K. Johnson [and others. Notes by] P. Yock [and others]
260 _aEnglewood Cliffs, N.J. :
_bPrentice-Hall,
_c1965
300 _av. :
_bill. ;
_c23 cm.
490 _v2
504 _aIncludes bibliographies.
505 0 _aVol. 2 --
650 0 _aParticles (Nuclear physics)
_920725
650 0 _aQuantum field theory.
_925662
700 1 _aJohnson, K.
_q(Kenneth),
_d1931-
_929164
942 _2ddc
_cBK
999 _c9484
_d9484